| 000 | 00874nam a2200193 4500 | ||
|---|---|---|---|
| 999 |
_c7441 _d7441 |
||
| 020 | _a0072424346 | ||
| 020 | _a9780072424348 | ||
| 050 |
_aQA39.3 _b.R67 |
||
| 100 | _aRosen, Kenneth H | ||
| 245 |
_aDiscrete mathematics and its applications _cKenneth H Rosen |
||
| 250 | _a5th | ||
| 260 |
_aBoston : _bMcGraw-Hill, _c©2003. |
||
| 300 |
_axxi, 787, 9, 8, 83, 1, 18 pages : _billustrations (some color) ; _c26 cm. |
||
| 500 | _aIncludes index | ||
| 505 | _aThe foundations: logic and proof, sets, and functions : The fundamentals: algorithms, the integers, and matrices : Mathematical reasoning, induction, and recursion : Counting : Discrete probability : Advanced counting techniques : Relations : Graphs : Trees : Boolean algebra : Modeling computation : | ||
| 650 | _aMathematics. | ||
| 650 | _aComputer science -- Mathematics. | ||
| 942 | _cBK | ||